| 000 | 00000nas 2200000za 4500 |
| 001 | 9.816406 |
| 003 | CaOODSP |
| 005 | 20230530092114 |
| 007 | cr ||||||||||| |
| 008 | 160427c20009999oncqx p o f000#a0eng|d |
| 022 | |a2561-7575 |
| 040 | |aCaOODSP|beng |
| 043 | |an-cn--- |
| 086 | 1 |aPS21-1E-PDF |
| 222 | 0|aCommuniqué |b(Royal Canadian Mounted Police External Review Committee. Online) |
| 245 | 00|aCommuniqué |h[electronic resource]. |
| 260 | |aOttawa : |bRCMP External Review Committee, |c[2000]- |
| 310 | |aQuarterly, |b2000-2013, 2017- |
| 321 | |aQuarterly (irregular), |b2014-2016 |
| 362 | 1 |aBegan with Oct.-Dec. 2000. |
| 500 | |aIssued also in French under title: Communiqué. |
| 520 | |aAll the cases finalized by the RCMP External Review Committee are summarized in the Communiqué. In addition to the recommendations of the ERC, it contains a synopsis of the decisions of the Commissioner of the RCMP as well as articles written on various issues relating to its mandate. |
| 692 | 07|2gccst|aPolice services |
| 692 | 07|2gccst|aLabour relations |
| 692 | 07|2gccst|aComplaints |
| 692 | 07|2gccst|aDecisions |
| 710 | 1 |aCanada. |bRoyal Canadian Mounted Police External Review Committee. |
| 775 | 08|tCommuniqué |w(CaOODSP)9.816424 |